000 00276nam a2200109Ia 4500
008 190216s9999||||xx |||||||||||||| ||und||
100 _aInder K Rana
245 3 _aAn Introduction To Measure And Integration
260 _bNarosa Pubs House
_c1999
300 _a380p
942 _cBK
999 _c31434
_d31434